Представление документа в формате MARC21

Поле Инд. ПП Название Значение
Тип записи a
Библиографический уровень b
001 Контрольный номер RU/IS/BASE/125517159
005 Дата корректировки 20200630193242.2
084 a Индекс другой классификации/Индекс ББК 65.291.592в51; 65.42-803.1в51
100 1_ a Автор Бережнов Г. В.
q Полное имя Бережнов Геннадий Викторович
245 a Заглавие Интернет-логистика
504 a Библиография Библиогр. сноски
520 a Аннотация О некоторых аспектах "виртуализации национальной экономики, развития отечественных информационно-коммуникационных технологий, вхождения в мировое информационное сообщество."
650 a Основная рубрика логистика
a Основная рубрика торговля
a Основная рубрика экономика
a Основная рубрика экономика предприятия
653 a Ключевые слова бренд-компании
a Ключевые слова глобализация экономики
a Ключевые слова Интернет
a Ключевые слова информационная логистика
a Ключевые слова логистические системы
a Ключевые слова маркетинг ожиданий
a Ключевые слова регионы России
a Ключевые слова Россия
a Ключевые слова электронная торговля
a Ключевые слова электронный бизнес
a Ключевые слова электронный рынок
773 t Заглавие источника РИСК: ресурсы, информация, снабжение, конкуренция
d Дата издания источника 2003
g Прочая информация № 3. - С. 43 - 48
w Контрольный № источника RU/IS/BASE/121272722
901 t Тип документа b